| 000 | 01586nam a22002417a 4500 | ||
|---|---|---|---|
| 005 | 20251104120350.0 | ||
| 008 | 251104t2022 xxk|||||o|||| 00| 0 eng d | ||
| 041 | _aeng | ||
| 110 | _aRoyal Institution of Chartered Surveyors | ||
| 245 |
_aInternational valuation glossary - _bbusiness valuation _h[Electronic resource] |
||
| 260 |
_bRICS, ASA, CBV, Taqeem, _c24 February 2022 _aLondon, |
||
| 300 | _a16p. | ||
| 500 | _aBusiness valuation providers and users benefit from common understanding of terms with clearly established meanings and consistent application throughout the profession. To this end the following societies and organizations have worked collaboratively to compile definitions for the terms included in this Glossary: • ASA – American Society of Appraisers • CBV Institute – Chartered Business Valuators Institute • RICS – Royal Institution of Chartered Surveyors • TAQEEM – Saudi Authority for Accredited Valuers This Glossary updates the International Glossary of Business Valuation Terms originally published in 2001. | ||
| 650 | _aVALUATION | ||
| 651 | _aInternational | ||
| 690 |
_aValuation _96273 |
||
| 710 | _aRoyal Institution of Chartered Surveyors | ||
| 710 | _aAmerican Society of Appraisers | ||
| 710 | _aChartered Business Valuators Institute | ||
| 710 | _aTAQEEM - Saudi Authority for Accredited Valuers | ||
| 856 |
_uhttps://www.rics.org/content/dam/ricsglobal/documents/standards/feb_24_2022_international_business_valuation_glossary_revision_english.pdf _zAvailable on RICS.org |
||
| 942 | _n0 | ||
| 999 |
_c122223 _d122223 |
||